| 000 | 00499nam a22001931a 4500 | ||
|---|---|---|---|
| 001 | 3779 | ||
| 003 | OSt | ||
| 005 | 20260204211903.0 | ||
| 008 | 050217s1990||||dr ||||||b||||||||||spa|| | ||
| 050 | _aRD 347.78 M317j | ||
| 082 | _aRD 347.78 M317j | ||
| 100 | _aMañon Melvin, Juan | ||
| 245 | _aJuicio a Fidel / Melvin Mañon, Juan | ||
| 264 | _aSanto Domingo : Taller | ||
| 300 | _a255 p | ||
| 650 | _a1.Juicio de Responsabilidad - Fidel Castro | ||
| 700 | _aBanemelis, JuanÌ | ||
| 942 |
_2ddc _cBK |
||
| 999 |
_c3779 _d3779 |
||